| 000 | 00378nam a2200133Ia 4500 | ||
|---|---|---|---|
| 008 | 211109s9999||||xx |||||||||||||| ||und|| | ||
| 082 |
_a500.05 _bUNE-J |
||
| 100 | _aUnesco Dooth, | ||
| 245 | 0 | _aMar-79 | |
| 260 |
_bGovt Of India Central Hindi Direct _aThiruvananthapuram _c1900 |
||
| 630 | _xGENERAL STACK | ||
| 650 |
_aNatural sciences & mathematics _vGeneralia |
||
| 942 | _cBOOK | ||
| 999 |
_c44219 _d44219 |
||